| 000 | 01193nam a2200313 a 4500 | ||
|---|---|---|---|
| 001 | 000016834 | ||
| 003 | DO-SdBNP | ||
| 005 | 20260604200448.0 | ||
| 007 | ta | ||
| 008 | 100310s1998 dr ac r 001 0 spa d | ||
| 040 |
_aDO-SdBNP _bspa _cBNPHU _erda |
||
| 041 | _hspa | ||
| 082 |
_a972.93054 _bF825F _222 |
||
| 100 | 1 |
_aFranco Pichardo, Franklin J. _eautor _934451 _d1936-2013 |
|
| 245 | 1 | 0 |
_aFernández Domínguez y Caamaño Deñó : _bel pensamiento de los militares dominicanos constitucionalistas / _cFranklin Franco Pichardo |
| 250 | _aSegunda edición | ||
| 264 |
_aSanto Domingo : _bCollado, _c1998 |
||
| 300 |
_a23 páginas : _bilustraciones ; _c23 cm |
||
| 336 |
_ardacontent _btexto _2txt |
||
| 337 |
_ardamedia _bsin mediación _2n |
||
| 338 |
_ardacarrier _bvolumen _2nc |
||
| 590 | _aInventariado, 2025/DG | ||
| 600 | 7 |
_2Librunam _aFernández Domínguez, Rafael Tomás _d1932-1973 _989865 |
|
| 600 | 7 |
_2Librunam _aCamaño Deño, Francisco Alberto _d1934-1973 _989866 |
|
| 650 | 7 |
_2Librunam _aFuerzas Armadas _xActividad Política _ySiglo XX _zRepública Dominicana _989867 |
|
| 651 | 7 |
_2Librunam _aRepública Dominicana _xHistoria _zSiglo XX _910960 |
|
| 910 | _aDG | ||
| 942 |
_2ddc _cLFDS |
||
| 999 |
_c16366 _d16366 |
||